| 000 | 00429 a2200145 4500 | ||
|---|---|---|---|
| 999 |
_c8344 _d8344 |
||
| 020 | _a9780826499547 | ||
| 050 | _aQ175 HAE 2008 | ||
| 100 |
_aHaely, Gordick Karen _eauthor |
||
| 245 | _aObejectivity in the feminist philosophy of science/ | ||
| 264 |
_aNew York: _bContinum International Publishing Group; _c2008 |
||
| 300 | _a149p.; | ||
| 500 | _aIncludes index | ||
| 650 | _aPower and Objectivity | ||
| 942 |
_2lcc _cBK _h175 _iHAE _kQ |
||